000 00286nam a22001217a 4500
008 230626b xxu||||| |||| 00| 0 eng d
082 _a328.76
_bCPK
100 _cCPK
245 _aRules of the Council of State of Kenya
260 _aKenya
_bCPK
_c1958
300 _a20p
942 _2ddc
_cBK
999 _c2591
_d2591